| 000 | 01474naa a2200289 i 4500 | ||
|---|---|---|---|
| 001 | BPP | ||
| 003 | BPK | ||
| 005 | 20191005121919.0 | ||
| 008 | 140703s2001 pl f |100 0 eng | ||
| 040 | _cBPK | ||
| 041 | _aeng | ||
| 044 | _aPOL | ||
| 100 |
_aPatryn, Aleksy _eAutor _d1996 - . _bPolitechnika Koszalińska - Wydział Elektroniki i Informatyki, _cKatedra Podstaw Elektroniki |
||
| 245 |
_aPhysics simulations for the technical university / _cAleksy Patrin, Walery Suslow, Wioleta Ciepluch-Trojanek. |
||
| 260 | _c2001. | ||
| 500 | _aDane z Informatora o publikowanych wynikach prac naukowo-badawczych w 2001 roku Wydziału Elektroniki. | ||
| 520 | _aA problem and practical realisation of the simulation laboratory works within base disciplines at the technical university is discussing. | ||
| 650 | _aEducation. | ||
| 650 | _aPhysics. | ||
| 650 | _aSimulation. | ||
| 655 | 0 | _aMateriały konferencyjne. | |
| 700 |
_aCIEPLUCH-TROJANEK, Wioleta. _d1999 - . _bPolitechnika Koszalińska - Wydział Elektroniki, _cKatedra Podstaw Elektroniki |
||
| 700 |
_aSUSŁOW, Walery. _d2000 - . _bPolitechnika Koszalińska - Wydział Elektroniki, _cKatedra Podstaw Elektroniki |
||
| 711 |
_aInternational Conference IMAPS-Poland 2001 _n(25 ; _d2001 ; _cRzeszów / Polańczyk, Polska). _pIMAPS - POLAND 2001 |
||
| 773 |
_iW : _tProc. of the 25th International Conference and Exhibition IMAPS-POLAND. - _g2001, s. 295-298 |
||
| 942 |
_cART _2UKD |
||
| 999 |
_c59 _d59 |
||